Missing Word: #1 Hits of 1977 Quiz Stats

 Plays Quiz Updated Dec 13, 2015

Challenge
Share
Tweet
Embed
Score 0/20 Timer 03:00
3 Plays Today
#1 Hit Song Missing Word % Correct
_____ CaliforniaHotel
98.1%
Torn Between _____ LoversTwo
97.5%
Dancing _____Queen
95.8%
Blinded by the _____Light
94.5%
You Light Up My _____Life
93.7%
How _____ Is Your LoveDeep
92.2%
Don't _____ Up on UsGive
89.7%
Best of My _____Love
87.9%
Looks Like We _____ ItMade
86.5%
_____ WashCar
84.5%
#1 Hit Song Missing Word % Correct
Star _____ Theme/Cantina BandWars
83.2%
New _____ in TownKid
75.3%
Don't _____ Me This WayLeave
74.2%
Got to Give It _____Up
66.2%
Gonna _____ Now (Theme from Rocky)Fly
57.7%
Sir _____Duke
49.9%
I Just Want to Be Your _____Everything
47.2%
When I _____ YouNeed
46.3%
_____ GirlRich
40.7%
I'm Your _____ ManBoogie
39.6%

Today's Daily Dose

You're not logged in!

Compare scores with friends on all Sporcle quizzes.
OR
Log In

You Might Also Like...

Show Comments

Extras

Top Quizzes Today


Score Distribution

Your Account Isn't Verified!

In order to create a playlist on Sporcle, you need to verify the email address you used during registration. Go to your Sporcle Settings to finish the process.

Report this User

Report this user for behavior that violates our Community Guidelines.

Details: